000 00428nam a2200169Ia 4500
008 221030s9999 xx 000 0 und d
020 _a0074637657
041 _aEnglish
082 _a105.23
_bKot
100 _aD. P. Kothari
245 0 _aTheory & Problems Of Electric Machines
_cby D. P. Kothari, I. J. Nagrath
260 _bTMH
_aNew Delhi
_c2002
300 _a396
650 _aEE
700 _aI. J. Nagrath
942 _cBK
999 _c8284
_d8284